000
00325nam a2200145Ia 4500
003
OSt
005
20231230063808.0
008
170524s9999 xx 000 0 und d
020
_a
8125910808
040
_c
IIMT UNIVERSITY
100
_a
BIJOOR- H
245
0
_a
MARKETING TRENDS
260
_b
VIKAS PUB.HOUSE
942
_2
ddc
_c
02
999
_c
7882
_d
7882